The noble scholar, jurist, historian


 His Excellency Dr. Abdul Wahhab bin Ibrahim Abu Sulaiman, may Allah have mercy on him.


 He was born in Umm Al-Qura in the year 1356 AH.

الكواكب الوهاجة بشرح سنن الإمام الحافظ أبي عبد الله بن ماجه القزويني / (Record no. 6088)

MARC details
000 -LEADER
fixed length control field 01130cam a2200265 ia4500
003 - CONTROL NUMBER IDENTIFIER
control field SA-RiAUC
005 - DATE AND TIME OF LATEST TRANSACTION
control field 20250219074322.0
008 - FIXED-LENGTH DATA ELEMENTS--GENERAL INFORMATION
fixed length control field 250219s1988 le g 00010 ara c
040 ## - CATALOGING SOURCE
Original cataloging agency SA-RiAUC
Language of cataloging ara
Transcribing agency SA-RiAUC
Description conventions rda
082 04 - DEWEY DECIMAL CLASSIFICATION NUMBER
Classification number 235.6
Assigning agency SA-RiAUC
090 ## - LOCALLY ASSIGNED LC-TYPE CALL NUMBER (OCLC); LOCAL CALL NUMBER (RLIN)
Classification number (OCLC) (R) ; Classification number, CALL (RLIN) (NR) 235.6
Local cutter number (OCLC) ; Book number/undivided call number, CALL (RLIN) ك و م
100 1# - MAIN ENTRY--PERSONAL NAME
Personal name الكوماسي، محمد المنتقي الكشناوي
Relator term مؤلف.
245 12 - TITLE STATEMENT
Title الكواكب الوهاجة بشرح سنن الإمام الحافظ أبي عبد الله بن ماجه القزويني /
Statement of responsibility, etc. محمد المنتقي الكشناوي الكوماسي.
250 ## - EDITION STATEMENT
Edition statement الطبعة الأولى.
264 #1 - PRODUCTION, PUBLICATION, DISTRIBUTION, MANUFACTURE, AND COPYRIGHT NOTICE
Place of production, publication, distribution, manufacture بيروت :
Name of producer, publisher, distributor, manufacturer دار المطبوعات الإسلامية،
Date of production, publication, distribution, manufacture, or copyright notice 1988
300 ## - PHYSICAL DESCRIPTION
Extent 2 مجلد ؛
Dimensions 24 سم
336 ## - CONTENT TYPE
Content type term نص
Content type code txt
Source rdacontent
Materials specified كتاب
337 ## - MEDIA TYPE
Media type term بدون وسيط
Media type code n
Source rdamedia
338 ## - CARRIER TYPE
Carrier type term مجلد
Carrier type code nc
Source rdacarrier
650 #7 - SUBJECT ADDED ENTRY--TOPICAL TERM
Topical term or geographic name entry element الحديث
General subdivision سنن ابن ماجة
Source of heading or term aucsh
700 12 - ADDED ENTRY--PERSONAL NAME
Personal name ابن ماجة، محمد بن يزيد الربعي،
Dates associated with a name 209-273 هجري
740 02 - ADDED ENTRY--UNCONTROLLED RELATED/ANALYTICAL TITLE
Uncontrolled related/analytical title سنن ابن ماجه.
942 ## - ADDED ENTRY ELEMENTS (KOHA)
Source of classification or shelving scheme Dewey Decimal Classification
Koha item type Books
Suppress in OPAC No
949 ## - LOCAL PROCESSING INFORMATION (OCLC)
a SA-JeALM
d 250219
u eid123
n 1
Holdings
Withdrawn status Lost status Source of classification or shelving scheme Materials specified (bound volume or other part) Damaged status Not for loan Home library Current library Date acquired Total checkouts Full call number Barcode Date last seen Price effective from Koha item type
    Dewey Decimal Classification الجزء الاول     DR AbdElwahab Library DR AbdElwahab Library 02/19/2025   235.6 ك و م 000010065 02/19/2025 02/19/2025 Books
    Dewey Decimal Classification الجزء الثاني     DR AbdElwahab Library DR AbdElwahab Library 02/19/2025   235.6 ك و م 000010066 02/19/2025 02/19/2025 Books